La mujer bajo el punto de vista filosófico, social y moral : (Record no. 22755)
[ view plain ]
| 000 -LEADER | |
|---|---|
| campo de control de longitud fija | 00607nam a2200181 i 4500 |
| 001 - NÚMERO DE CONTROL | |
| campo de control | 22755 |
| 003 - IDENTIFICADOR DE NÚMERO DE CONTROL | |
| campo de control | ES-MaACL |
| 005 - FECHA Y HORA DE LA ÚLTIMA TRANSACCIÓN | |
| campo de control | 20250807065758.0 |
| 007 - CAMPO FIJO DE DESCRIPCIÓN FÍSICA--INFORMACIÓN GENERAL | |
| campo de control de longitud fija | t| |
| 008 - DATOS DE LONGITUD FIJA--INFORMACIÓN GENERAL | |
| campo de control de longitud fija | 021204s1863 sp ||||1| spa d |
| 100 1# - ENTRADA PRINCIPAL--NOMBRE DE PERSONA | |
| Nombre de persona | Alonso y Rubio, Francisco. |
| 9 (RLIN) | 20432 |
| 245 13 - MENCIÓN DEL TÍTULO | |
| Título | La mujer bajo el punto de vista filosófico, social y moral : |
| Resto del título | sus deberes en relación con la familia y la sociedad / |
| Mención de responsabilidad, etc. | por Francisco Alonso y Rubio. |
| 260 ## - PUBLICACIÓN, DISTRIBUCIÓN, ETC. | |
| Lugar de publicación, distribución, etc. | Madrid : |
| Nombre del editor, distribuidor, etc. | [s.n., |
| Fecha de publicación, distribución, etc. | 1863] ( |
| Fabricante | F. Gamayo) |
| 300 ## - DESCRIPCIÓN FÍSICA | |
| Extensión | XVI, 257 p. ; |
| Dimensiones | 22 cm. |
| 650 #7 - PUNTO DE ACCESO ADICIONAL DE MATERIA--TÉRMINO DE MATERIA | |
| Término de materia o nombre geográfico como elemento de entrada | Mujeres |
| Fuente del encabezamiento o término | embne |
| 9 (RLIN) | 15251 |
| 852 4# - LOCALIZACIÓN | |
| Ubicación | ES-MaACL |
| Número de control de estantería | G-10833 |
| Estatus retirado | Estado de pérdida | Estado de daño | No para préstamo | Colección | Biblioteca de origen | Biblioteca actual | Ubicación en estantería | Fecha de adquisición | Fuente de adquisición | Total de préstamos | Signatura topográfica completa | Código de barras | Visto por última vez | Precio de reemplazo | Tipo de ítem Koha |
|---|---|---|---|---|---|---|---|---|---|---|---|---|---|---|---|
| Libros del s. XIX | Biblioteca del Ateneo de Madrid | Biblioteca del Ateneo de Madrid | Sala Pecera Planta 3 | 17/01/2008 | G-10833 | 1023431 | 23/02/2023 | 23/02/2023 | Libro impreso antiguo |
